<?xml version="1.0" encoding="UTF-8"?>
<record
    xmlns:xsi="http://www.w3.org/2001/XMLSchema-instance"
    xsi:schemaLocation="http://www.loc.gov/MARC21/slim http://www.loc.gov/standards/marcxml/schema/MARC21slim.xsd"
    xmlns="http://www.loc.gov/MARC21/slim">

  <leader>01031nam a22001697a 4500</leader>
  <controlfield tag="005">20220222095246.0</controlfield>
  <controlfield tag="008">220222b           ||||| |||| 00| 0 eng d</controlfield>
  <datafield tag="020" ind1=" " ind2=" ">
    <subfield code="a">978014986661</subfield>
  </datafield>
  <datafield tag="050" ind1=" " ind2=" ">
    <subfield code="a">HF1418.5.S752</subfield>
  </datafield>
  <datafield tag="100" ind1=" " ind2=" ">
    <subfield code="9">Stigglitz,Joseph E.</subfield>
  </datafield>
  <datafield tag="245" ind1=" " ind2=" ">
    <subfield code="a">Globalization and its discontents revisited :</subfield>
    <subfield code="b">Anti-Globalization in the era of Trump./</subfield>
    <subfield code="c">Joseph E.Stiglitz.</subfield>
  </datafield>
  <datafield tag="260" ind1=" " ind2=" ">
    <subfield code="b">Penguin random house,</subfield>
    <subfield code="c">2002.</subfield>
  </datafield>
  <datafield tag="300" ind1=" " ind2=" ">
    <subfield code="a">xli,472page .;</subfield>
    <subfield code="b">ill,</subfield>
    <subfield code="c">24cm.</subfield>
  </datafield>
  <datafield tag="500" ind1=" " ind2=" ">
    <subfield code="a">Includes Index </subfield>
  </datafield>
  <datafield tag="505" ind1=" " ind2=" ">
    <subfield code="a">Contents : The failures of globalization -- The multiple dimensions of globalization -- The new protectionism -- Can globalization be saved? an agenda for equitable with globalization with shared prosperity -- The promise of global institutions -- Broken promises -- Freedom to choose -- The east Asia crisis:How IMF policies brought the World to the verge of a Global meltdown -- Who lost Russia -- Unfair fair trade laws and other mischief -- Better roads to the market -- The IMF's other agenda - The way ahead </subfield>
  </datafield>
  <datafield tag="942" ind1=" " ind2=" ">
    <subfield code="2">lcc</subfield>
    <subfield code="c">BK</subfield>
  </datafield>
  <datafield tag="999" ind1=" " ind2=" ">
    <subfield code="c">8752</subfield>
    <subfield code="d">16252</subfield>
  </datafield>
  <datafield tag="952" ind1=" " ind2=" ">
    <subfield code="0">0</subfield>
    <subfield code="1">0</subfield>
    <subfield code="2">lcc</subfield>
    <subfield code="4">0</subfield>
    <subfield code="7">0</subfield>
    <subfield code="8">NFIC</subfield>
    <subfield code="a">WIUC-1</subfield>
    <subfield code="b">WIUC-1</subfield>
    <subfield code="c">REF</subfield>
    <subfield code="d">2022-02-22</subfield>
    <subfield code="l">0</subfield>
    <subfield code="o">HF1418.5.S752</subfield>
    <subfield code="p">9054/505/22</subfield>
    <subfield code="r">2022-02-22 00:00:00</subfield>
    <subfield code="t">1</subfield>
    <subfield code="w">2022-02-22</subfield>
    <subfield code="y">BK</subfield>
  </datafield>
</record>
